000
00346 a2200121 4500
001
ART_12775
005
20260410161733.0
008
260409a
245
1
0
_a
Inflación e incertidumbre
100
1
_a
Expósito, David
700
1
_a
Szewach, Enrique
773
0
_t
Ejecutivos de finanzas
_g
- Año 6, Nº 46 (jun. 1988)
_w
REV2863
999
_c
18025
_d
18025